000 00712nam a22002177a 4500
005 20240530110615.0
008 161128s2015 ua g 000 e ara d
017 _a2014/5525
_bمصر. دار الكتب
020 _a9789774279072
040 _aEG-CaGPL
_cEG-CaGPL
082 0 4 _221
_a814\
_bأ ى
100 0 _aاحمد رجب
245 1 0 _aيخرب بيت الحب /
_cاحمد رجب
250 _aط.6.
260 _aالقاهرة :
_bالدار المصرية اللبنانية ،
_c24 سم.
300 _a263 ص. ؛
_c19 سم.
650 0 7 _2qarmak
_aالمقالات العربية
650 0 7 _2qarmak
_aالحب
_xمقالات
942 _2ddc
_cBK
999 _c62942
_d62942